[Event "ESP-ch U18"]
[Site "Salobrena"]
[Date "2023.08.05"]
[Round "9"]
[White "Alvarez Etxarri, Aimar"]
[Black "Perez Garcia, Jimena"]
[Result "1-0"]
[WhiteElo "2034"]
[BlackElo "1909"]
[PlyCount "159"]
[EventDate "2023.07.31"]
[EventType "swiss"]
[EventRounds "9"]
[EventCountry "ESP"]
[SourceTitle "CBM 215 Extra"]
[Source "ChessBase"]
[SourceDate "2023.09.30"]
[SourceVersion "1"]
[SourceVersionDate "2023.09.30"]
[SourceQuality "1"]

1. e4 c5 2. Nf3 d6 3. Bb5+ Bd7 4. Bxd7+ Nxd7 5. 0-0 Ngf6 6. Qe2 Rc8 7. Rd1 g6 8. c3 Bh6 9. Na3 0-0 10. b3 Re8 11. Bb2 e5 12. Nc4 Nb6 13. d3 Qc7 14. Nxb6 Qxb6 15. c4 Nh5 16. g3 Ng7 17. Kg2 Ne6 18. Rf1 Qc6 19. h4 f5 20. h5 Rf8 21. hxg6 hxg6 22. Rh1 Bg7 23. Nd2 Rce8 24. f3 Nd4 25. Bxd4 exd4 26. Rae1 b5 27. Qd1 a6 28. Rh4 Qc7 29. Nb1 Qa5 30. Qd2 Qxd2+ 31. Nxd2 Bf6 32. Rh6 Kg7 33. Reh1 Rh8 34. Rxh8 Rxh8 35. Rxh8 Kxh8 36. exf5 gxf5 37. Nb1 bxc4 38. bxc4 Bg5 39. f4 Bd8 40. Nd2 Kg7 41. Kf3 Ba5 42. Nb3 Be1 43. g4 fxg4+ 44. Kxg4 Kf6 45. Nc1 Bf2 46. Ne2 Be1 47. f5 Bd2 48. Ng3 Bh6 49. Ne4+ Ke5 50. Ng5 Kf6 51. Ne6 a5 52. Nc7 Bd2 53. Nd5+ Kf7 54. Kf3 Be1 55. Ke2 Bh4 56. Kd1 Bd8 57. Kc2 Kg7 58. Kb3 Kh6 59. Ka4 Kg5 60. f6 Bxf6 61. Kxa5 Be5 62. Kb5 Kg4 63. a4 Kf3 64. a5 Ke2 65. a6 Kxd3 66. a7 Ke2 67. a8Q d3 68. Qe8 d2 69. Nc3+ Ke1 70. Qe6 d1Q 71. Nxd1 Kxd1 72. Ka4 Kd2 73. Qh3 Ke2 74. Kb3 Kf2 75. Kc2 Bg3 76. Qg4 Be5 77. Kd3 Bd4 78. Ke4 Be5 79. Qf3+ Kg1 80. Qe2 1-0

[Event "Gijon op 1st"]
[Site "Gijon"]
[Date "2023.06.27"]
[Round "2"]
[White "Del Rio de Angelis, Salvador Gabriel"]
[Black "Alvarez Etxarri, Aimar"]
[Result "1-0"]
[WhiteElo "2434"]
[BlackElo "2034"]
[PlyCount "107"]
[EventDate "2023.06.26"]
[EventType "swiss"]
[EventRounds "9"]
[EventCountry "ESP"]
[SourceTitle "EXT 2024"]
[Source "ChessBase"]
[SourceDate "2023.10.10"]
[SourceVersion "1"]
[SourceVersionDate "2023.10.10"]
[SourceQuality "1"]

1. d4 Nf6 2. c4 e6 3. Nc3 d5 4. cxd5 exd5 5. Bg5 Be7 6. e3 c6 7. Bd3 Nbd7 8. Nf3 Nf8 9. h3 Ne6 10. Bh4 g6 11. 0-0 0-0 12. Rb1 a5 13. a3 Ng7 14. b4 axb4 15. axb4 Bf5 16. Ne5 Bxd3 17. Nxd3 Ne4 18. Bxe7 Qxe7 19. Nxe4 Qxe4 20. b5 Nf5 21. bxc6 bxc6 22. Ne5 Rfc8 23. Nd7 Kg7 24. Nb6 h5 25. Qf3 Qxf3 26. gxf3 Nh4 27. Nxa8 Rxa8 28. f4 Nf3+ 29. Kg2 Nd2 30. Ra1 Rb8 31. Rfc1 Rb2 32. Rxc6 Ne4 33. Rf1 Kf8 34. Rc7 Ke8 35. Ra1 Rxf2+ 36. Kg1 Kf8 37. Raa7 Rb2 38. Rxf7+ Kg8 39. Rfb7 Rxb7 40. Rxb7 Kf8 41. Kg2 Kg8 42. Rd7 Nf6 43. Rd6 Kf7 44. Rxf6+ Kxf6 45. Kf3 g5 46. fxg5+ Kxg5 47. e4 dxe4+ 48. Kxe4 Kh4 49. d5 Kxh3 50. d6 h4 51. d7 Kg2 52. d8Q h3 53. Qd2+ Kg1 54. Kf3 1-0

[Event "ESP-ch U18 Rapid"]
[Site "Salobrena"]
[Date "2022.08.07"]
[Round "9"]
[White "Alvarez Etxarri, Aimar"]
[Black "Rodriguez Redondo, Adhara"]
[Result "0-1"]
[WhiteElo "1551"]
[BlackElo "1674"]
[PlyCount "80"]
[EventDate "2022.08.06"]
[EventType "swiss (rapid)"]
[EventRounds "9"]
[EventCountry "ESP"]
[SourceTitle "EXT 2023"]
[Source "ChessBase"]
[SourceDate "2022.10.05"]
[SourceVersion "1"]
[SourceVersionDate "2022.10.05"]
[SourceQuality "1"]

1. e4 e5 2. Nf3 Nc6 3. Bc4 Bc5 4. c3 Nf6 5. d4 exd4 6. e5 d5 7. Bb5 Ne4 8. cxd4 Bb6 9. 0-0 Bg4 10. Nc3 0-0 11. h3 Bh5 12. Be3 Nxc3 13. bxc3 f6 14. Qa4 Bxf3 15. Bxc6 bxc6 16. gxf3 fxe5 17. dxe5 Bxe3 18. fxe3 Qg5+ 19. Kf2 Qxe5 20. Rg1 Qxc3 21. Qd4 Qxd4 22. exd4 Rab8 23. Rac1 Rb2+ 24. Ke3 Rxa2 25. Rxc6 Ra3+ 26. Ke2 Rf7 27. Rg5 Raxf3 28. Rxd5 Rxh3 29. Rd8+ Rf8 30. Rd7 Rb8 31. Rdxc7 Rb2+ 32. Rc2 Rh2+ 33. Kd3 Rbxc2 34. Rxc2 Rxc2 35. Kxc2 h5 36. Kd3 Kf7 37. Ke4 Ke6 38. d5+ Kd6 39. Kd4 h4 40. Ke4 g5 0-1

[Event "ESP-ch U18"]
[Site "Salobrena"]
[Date "2022.08.05"]
[Round "7"]
[White "Ramirez Sanchez, Nicolas"]
[Black "Alvarez Etxarri, Aimar"]
[Result "1/2-1/2"]
[WhiteElo "1820"]
[BlackElo "2062"]
[PlyCount "106"]
[EventDate "2022.08.01"]
[EventType "swiss"]
[EventRounds "9"]
[EventCountry "ESP"]
[SourceTitle "EXT 2023"]
[Source "ChessBase"]
[SourceDate "2022.10.05"]
[SourceVersion "1"]
[SourceVersionDate "2022.10.05"]
[SourceQuality "1"]

1. e4 d6 2. d4 Nf6 3. Nc3 e5 4. Nge2 Be7 5. h3 0-0 6. g4 c6 7. Bg2 Nbd7 8. Be3 b5 9. Ng3 b4 10. Nce2 d5 11. 0-0 dxe4 12. Nxe4 Nd5 13. c4 bxc3 14. N4xc3 Nxe3 15. fxe3 exd4 16. Nxd4 Ne5 17. Nxc6 Nxc6 18. Qxd8 Bxd8 19. Bxc6 Rb8 20. b3 Ba6 21. Rf2 Rc8 22. Bb5 Bb7 23. Bc4 Bb6 24. Re1 Rce8 25. Nd1 h5 26. Ref1 Rxe3 27. Nxe3 Bxe3 28. Kh2 Bxf2 29. Rxf2 h4 30. g5 Bc8 31. g6 Be6 32. gxf7+ Bxf7 33. Kg2 Bxc4 34. Rxf8+ Kxf8 35. bxc4 Ke7 36. Kf3 Kd6 37. Kg4 Kc5 38. Kxh4 Kxc4 39. Kg5 Kb4 40. Kg6 Ka3 41. Kxg7 Kxa2 42. h4 a5 43. h5 a4 44. h6 a3 45. h7 Kb1 46. h8Q a2 47. Qh1+ Kb2 48. Qg2+ Kb1 49. Qf1+ Kb2 50. Qe2+ Kb1 51. Qd3+ Kb2 52. Kg6 a1Q 53. Qd4+ Kb1 1/2-1/2

[Event "ESP-ch U16"]
[Site "Salobrena"]
[Date "2021.07.24"]
[Round "9"]
[White "Alvarez Etxarri, Aimar"]
[Black "Aguado Doncel, Pablo Luis"]
[Result "1/2-1/2"]
[WhiteElo "1806"]
[BlackElo "2129"]
[PlyCount "93"]
[EventDate "2021.07.19"]
[EventType "swiss"]
[EventRounds "9"]
[EventCountry "ESP"]
[SourceTitle "EXT 2022"]
[Source "ChessBase"]
[SourceDate "2021.10.06"]
[SourceVersion "1"]
[SourceVersionDate "2021.10.06"]
[SourceQuality "1"]

1. e4 e5 2. Nf3 Nf6 3. Nxe5 d6 4. Nf3 Nxe4 5. Nc3 Nxc3 6. dxc3 Be7 7. Be3 0-0 8. Qd2 c5 9. 0-0-0 Be6 10. Kb1 d5 11. Bd3 Nc6 12. Ng5 Bxg5 13. Bxg5 Qa5 14. f4 f6 15. Qe2 Rae8 16. Qh5 f5 17. Rde1 g6 18. Qh6 Nd8 19. Qh4 d4 20. c4 Nc6 21. a3 Qa6 22. g4 Bxc4 23. Bh6 Rd8 24. Bxf8 Rxf8 25. Qg3 Bxd3 26. cxd3 c4 27. gxf5 Rxf5 28. dxc4 Qxc4 29. Rc1 Qd5 30. Rhe1 Rf8 31. Rcd1 Rd8 32. Qd3 Kg7 33. Rg1 Rf8 34. Rg5 Qe6 35. Rdg1 Rxf4 36. Ka1 Qf7 37. R5g3 Ne5 38. Qe2 Qd5 39. Rg5 Re4 40. Qh5 Qd6 41. Qh3 d3 42. Rh5 d2 43. Rxh7+ Kg8 44. Rh8+ Kf7 45. Rh7+ Kg8 46. Rh8+ Kf7 47. Rh7+ 1/2-1/2

[Event "ESP-ch U16"]
[Site "Salobrena"]
[Date "2021.07.23"]
[Round "7"]
[White "Alvarez Etxarri, Aimar"]
[Black "Revaliente Montoya, Ciro"]
[Result "1/2-1/2"]
[WhiteElo "1806"]
[BlackElo "2056"]
[PlyCount "83"]
[EventDate "2021.07.19"]
[EventType "swiss"]
[EventRounds "9"]
[EventCountry "ESP"]
[SourceTitle "EXT 2022"]
[Source "ChessBase"]
[SourceDate "2021.10.06"]
[SourceVersion "1"]
[SourceVersionDate "2021.10.06"]
[SourceQuality "1"]

1. e4 c5 2. Nf3 d6 3. Nc3 a6 4. g3 g6 5. Bg2 Bg7 6. d4 cxd4 7. Nxd4 Nc6 8. Nb3 Nf6 9. 0-0 0-0 10. h3 Bd7 11. Be3 Ne5 12. Nd5 Nxd5 13. exd5 Nc4 14. Nd4 Nxb2 15. Qb1 Nc4 16. Qxb7 Nxe3 17. fxe3 Bxd4 18. exd4 Qc8 19. Rab1 Rb8 20. Qxc8 Rfxc8 21. Rb3 Rxb3 22. cxb3 Rc3 23. Rf3 Rc2 24. Rf2 Rc3 25. Rf3 Rxf3 26. Bxf3 Bxh3 27. g4 a5 28. a3 f5 29. g5 Bg4 30. Bxg4 fxg4 31. Kg2 Kf7 32. b4 axb4 33. axb4 Ke8 34. Kg3 Kd7 35. Kxg4 Kc7 36. Kf4 Kb6 37. Ke4 Kb5 38. Ke3 Kxb4 39. Kf4 Kb5 40. Kf3 Ka4 41. Ke4 Kb3 42. Kf3 1/2-1/2

[Event "ESP-ch U16"]
[Site "Salobrena"]
[Date "2020.08.12"]
[Round "5"]
[White "Alvarez Etxarri, Aimar"]
[Black "Abrisqueta Zudaire, Leyre"]
[Result "0-1"]
[WhiteElo "1797"]
[BlackElo "2049"]
[PlyCount "76"]
[EventDate "2020.08.10"]
[EventType "swiss"]
[EventRounds "9"]
[EventCountry "ESP"]
[SourceTitle "EXT 2021"]
[Source "ChessBase"]
[SourceDate "2020.10.23"]
[SourceVersion "1"]
[SourceVersionDate "2020.10.23"]
[SourceQuality "1"]

1. e4 c5 2. Nf3 Nc6 3. Bb5 Nf6 4. Nc3 g6 5. 0-0 Bg7 6. Re1 0-0 7. a4 a6 8. Bxc6 dxc6 9. a5 Ne8 10. h3 Nc7 11. Na4 Ne6 12. Nb6 Rb8 13. d3 Bd7 14. c3 Qc7 15. Be3 Rbd8 16. Qd2 Bc8 17. Rad1 f6 18. Qc2 Nf4 19. Bxc5 g5 20. e5 fxe5 21. Nxg5 Bh6 22. Ne4 Bf5 23. Nc4 Rd5 24. Bb6 Qd7 25. Re3 Kh8 26. Nc5 Qc8 27. Rg3 Rg8 28. Ne4 Qd7 29. Ne3 Nxh3+ 30. gxh3 Bxe3 31. Rxg8+ Kxg8 32. Bxe3 Bxe4 33. Qb3 Bf3 34. Kh2 Bxd1 35. Qxd1 e4 36. Qg1+ Kf7 37. dxe4 Qd6+ 38. Kh1 Rd1 0-1